| 000 | 00400nam a2200169Ia 4500 | ||
|---|---|---|---|
| 008 | 240830s1991 xx 000 0 und d | ||
| 041 | _aeng | ||
| 082 | _a616.07 | ||
| 100 | _aTALIB V.H. | ||
| 245 | _aHAND BOOK OF MEDICAL LABORATORY TECHNOLOGY | ||
| 250 | _a1 ST | ||
| 260 |
_aPUNE _bCBS PUBLISHERS _c1991 |
||
| 300 | _a220p | ||
| 650 | _aPATHOLOGY | ||
| 906 | _aN.D. | ||
| 999 |
_c1193508 _d1193508 |
||